|
|
|
|
| LEADER |
01786nam a22003734a 4500 |
| 001 |
42993 |
| 003 |
BD-DhAAL |
| 005 |
20240903145910.0 |
| 008 |
240903t2000 nyuab b 001 0 eng d |
| 010 |
|
|
|a 00701466
|
| 020 |
|
|
|a 0393320049 (pbk.)
|
| 020 |
|
|
|a 9780393320046
|
| 035 |
|
|
|a (OCoLC)ocm43694816
|
| 040 |
|
|
|a BKL
|c BKL
|d DPL
|d EMU
|d UMC
|d DLC
|d BD-DhAAL
|
| 042 |
|
|
|a pcc
|
| 050 |
0 |
0 |
|a HC79.E5
|b F723 2000
|
| 082 |
|
|
|a 363.70526
|2 23
|
| 100 |
1 |
|
|a French, Hilary F.
|9 56719
|
| 245 |
1 |
0 |
|a Vanishing borders :
|b protecting the planet in the age of globalization /
|c Hilary French.
|
| 250 |
|
|
|a First edition.
|
| 264 |
|
|
|a New York :
|b W.W. Norton,
|c c2000.
|
| 300 |
|
|
|a 257 pages :
|b illustrations, map ;
|c 22 cm.
|
| 500 |
|
|
|a "A Worldwatch book"--Cover.
|
| 504 |
|
|
|a Includes bibliographical references (pages [177]-243) and index.
|
| 541 |
|
|
|a Donation from the Asia Foundation/Savar Campus Library
|e 42993, 42994
|
| 650 |
|
0 |
|a Environmental policy
|x International cooperation.
|
| 650 |
|
0 |
|a Sustainable development
|x International cooperation.
|9 17225
|
| 650 |
|
0 |
|a Conservation of natural resources.
|
| 650 |
|
0 |
|a Pollution.
|
| 852 |
|
|
|a Ayesha Abed Library
|
| 942 |
|
|
|2 ddc
|c BK
|
| 999 |
|
|
|c 46931
|d 46931
|
| 952 |
|
|
|0 0
|1 0
|2 ddc
|4 0
|6 363_705260000000000_FRE
|7 0
|9 76110
|a SCL
|b SCL
|c GEN
|d 2024-09-03
|e Donation from the Asia Foundation/Savar Campus Library
|g 1666.00
|l 0
|o 363.70526 FRE
|p 3020042993
|r 2024-09-03
|t 1
|w 2024-09-03
|y BK
|x Donation from the Asia Foundation/Savar Campus Library ; USD 13.95
|
| 952 |
|
|
|0 0
|1 0
|2 ddc
|4 0
|6 363_705260000000000_FRE
|7 0
|9 76111
|a SCL
|b SCL
|c GEN
|d 2024-09-03
|e Donation from the Asia Foundation/Savar Campus Library
|g 1666.00
|l 0
|o 363.70526 FRE
|p 3020042994
|r 2024-09-03
|t 2
|w 2024-09-03
|y BK
|x Donation from the Asia Foundation/Savar Campus Library ; USD 13.95
|